| 000 | 00765nas a2200265 4500 | ||
|---|---|---|---|
| 001 | BR2014008062 | ||
| 003 | BR-BrBNA | ||
| 005 | 20231205124827.0 | ||
| 007 | ta | ||
| 008 | 230509b bl.|||p| |||| 00| 00por d | ||
| 040 |
_aBR-BrBNA _bpor _cBiblioteca Nacional de Agricultura |
||
| 041 | _a(Pt) | ||
| 072 | _aM12; L51 | ||
| 100 | 1 | _aCarvalho, R.A.P.L.F. de | |
| 245 | 1 | _aNutrição de camarões marinhos: dos conceitos básicos às proteínas | |
| 500 | _a5 illus. | ||
| 650 | _aCAMARAO | ||
| 650 | _aNUTRICAO ANIMAL | ||
| 650 | _aPROTEINA | ||
| 650 | _aCARCINICULTURA | ||
| 650 | _aDIETA | ||
| 773 | 0 |
_tRevista da ABCC (Brazil) _xISSN _g(Jan 2014), v. 16(1) p. 24-26 _wBR2014008062 |
|
| 909 |
_a202311 _bLúcia _c55 _dLúcia Elande |
||
| 942 |
_2AGRIS _n0 _cANA |
||
| 999 |
_c241112 _d241112 |
||